<?xml version="1.0" encoding="UTF-8"?>
<record
    xmlns:xsi="http://www.w3.org/2001/XMLSchema-instance"
    xsi:schemaLocation="http://www.loc.gov/MARC21/slim http://www.loc.gov/standards/marcxml/schema/MARC21slim.xsd"
    xmlns="http://www.loc.gov/MARC21/slim">

  <leader>01132nam0a2200349   4500</leader>
  <controlfield tag="001">RU\NLR\BIBL_A\012905215</controlfield>
  <controlfield tag="005">20221129084339.0</controlfield>
  <datafield tag="010" ind1=" " ind2=" ">
    <subfield code="a">978-5-00149-794-3</subfield>
    <subfield code="9">66</subfield>
  </datafield>
  <datafield tag="021" ind1=" " ind2=" ">
    <subfield code="a">RU</subfield>
    <subfield code="b">&#x41A;&#x41D;-&#x41F;-22-054228</subfield>
    <subfield code="9">&#x41A;&#x41D;-&#x41F;-22-4706</subfield>
  </datafield>
  <datafield tag="035" ind1=" " ind2=" ">
    <subfield code="a">(NLR Aleph) 012905215</subfield>
  </datafield>
  <datafield tag="035" ind1=" " ind2=" ">
    <subfield code="a">(RuMoRGB)011178294</subfield>
  </datafield>
  <datafield tag="090" ind1=" " ind2=" ">
    <subfield code="a">12595351</subfield>
    <subfield code="c">12595351</subfield>
  </datafield>
  <datafield tag="100" ind1=" " ind2=" ">
    <subfield code="a">20221010d2022    u  y0rusy50      ca</subfield>
  </datafield>
  <datafield tag="101" ind1="0" ind2=" ">
    <subfield code="a">rus</subfield>
  </datafield>
  <datafield tag="102" ind1=" " ind2=" ">
    <subfield code="a">RU</subfield>
  </datafield>
  <datafield tag="105" ind1=" " ind2=" ">
    <subfield code="a">a   z   000gy</subfield>
  </datafield>
  <datafield tag="181" ind1=" " ind2="0">
    <subfield code="a">i </subfield>
    <subfield code="b">axxe  </subfield>
  </datafield>
  <datafield tag="182" ind1=" " ind2="0">
    <subfield code="a">n</subfield>
  </datafield>
  <datafield tag="200" ind1="1" ind2=" ">
    <subfield code="a">&#x41A;&#x442;&#x43E; &#x44F;?</subfield>
    <subfield code="e">[&#x441;&#x442;&#x438;&#x445;&#x438;]</subfield>
    <subfield code="f">&#x41E;&#x43A;&#x441;&#x430;&#x43D;&#x430; &#x41D;&#x430;&#x441;&#x441;&#x443;&#x445;&#x430;</subfield>
  </datafield>
  <datafield tag="203" ind1=" " ind2=" ">
    <subfield code="a">&#x422;&#x435;&#x43A;&#x441;&#x442;</subfield>
    <subfield code="b">&#x432;&#x438;&#x437;&#x443;&#x430;&#x43B;&#x44C;&#x43D;&#x44B;&#x439;</subfield>
    <subfield code="c">&#x43D;&#x435;&#x43F;&#x43E;&#x441;&#x440;&#x435;&#x434;&#x441;&#x442;&#x432;&#x435;&#x43D;&#x43D;&#x44B;&#x439;</subfield>
  </datafield>
  <datafield tag="210" ind1=" " ind2=" ">
    <subfield code="a">&#x41C;&#x43E;&#x441;&#x43A;&#x432;&#x430;</subfield>
    <subfield code="c">&#x42D;&#x434;&#x438;&#x442;&#x443;&#x441;</subfield>
    <subfield code="d">2022</subfield>
  </datafield>
  <datafield tag="215" ind1=" " ind2=" ">
    <subfield code="a">235 &#x441;.</subfield>
    <subfield code="c">&#x438;&#x43B;.</subfield>
    <subfield code="d">22</subfield>
  </datafield>
  <datafield tag="330" ind1=" " ind2=" ">
    <subfield code="a">&#x421;&#x431;&#x43E;&#x440;&#x43D;&#x438;&#x43A; &#x441;&#x442;&#x438;&#x445;&#x43E;&#x432; &#x434;&#x43B;&#x44F; &#x43B;&#x44E;&#x431;&#x438;&#x442;&#x435;&#x43B;&#x435;&#x439; &#x43F;&#x43E;&#x44D;&#x437;&#x438;&#x438;</subfield>
  </datafield>
  <datafield tag="333" ind1=" " ind2=" ">
    <subfield code="a">16+</subfield>
  </datafield>
  <datafield tag="675" ind1=" " ind2=" ">
    <subfield code="a">821.161.1-1</subfield>
    <subfield code="v">4</subfield>
  </datafield>
  <datafield tag="686" ind1="2" ind2=" ">
    <subfield code="a">&#x428;6(2=&#x420;)8-5</subfield>
  </datafield>
  <datafield tag="700" ind1=" " ind2="1">
    <subfield code="a">&#x41D;&#x430;&#x441;&#x441;&#x443;&#x445;&#x430;</subfield>
    <subfield code="b">&#x41E;. &#x410;.</subfield>
    <subfield code="g">&#x41E;&#x43A;&#x441;&#x430;&#x43D;&#x430; &#x410;&#x43B;&#x435;&#x43A;&#x441;&#x435;&#x435;&#x432;&#x43D;&#x430;</subfield>
  </datafield>
  <datafield tag="942" ind1=" " ind2=" ">
    <subfield code="c">BOOK</subfield>
  </datafield>
  <datafield tag="980" ind1=" " ind2=" ">
    <subfield code="a">NB</subfield>
  </datafield>
  <datafield tag="995" ind1=" " ind2=" ">
    <subfield code="5">2022-10-10</subfield>
    <subfield code="a">ad</subfield>
    <subfield code="b">NLR01</subfield>
    <subfield code="c">NLR01</subfield>
    <subfield code="e">RF81</subfield>
    <subfield code="f">1-3998937</subfield>
    <subfield code="k">2022-5/9932</subfield>
    <subfield code="o">0</subfield>
    <subfield code="r">BOOK</subfield>
    <subfield code="s">202259932_</subfield>
  </datafield>
  <datafield tag="995" ind1=" " ind2=" ">
    <subfield code="5">2022-10-10</subfield>
    <subfield code="a">ad</subfield>
    <subfield code="b">NLR01</subfield>
    <subfield code="c">NLR01</subfield>
    <subfield code="e">RF81</subfield>
    <subfield code="f">1-3998938</subfield>
    <subfield code="k">2022-5/9932</subfield>
    <subfield code="o">0</subfield>
    <subfield code="r">BOOK</subfield>
    <subfield code="s">202259932_</subfield>
  </datafield>
</record>
